Fisiopatología de la respiración en cirugía pulmonar / (Record no. 101037)

MARC details
000 -LEADER
campo de control de longitud fija 00803nam a2200217 i 4500
001 - NÚMERO DE CONTROL
campo de control 101037
003 - IDENTIFICADOR DE NÚMERO DE CONTROL
campo de control ES-MaACL
005 - FECHA Y HORA DE LA ÚLTIMA TRANSACCIÓN
campo de control 20250927155615.0
007 - CAMPO FIJO DE DESCRIPCIÓN FÍSICA--INFORMACIÓN GENERAL
campo de control de longitud fija t|
008 - DATOS DE LONGITUD FIJA--INFORMACIÓN GENERAL
campo de control de longitud fija 051011s1956 sp ||||1| spa d
100 1# - ENTRADA PRINCIPAL--NOMBRE DE PERSONA
Nombre de persona Maurath, J.
9 (RLIN) 79230
245 10 - MENCIÓN DEL TÍTULO
Título Fisiopatología de la respiración en cirugía pulmonar /
Mención de responsabilidad, etc. J. Maurath; con un prólogo del Prof. Dr. Th. Naegeli; [versión directa del alemán por el Dr. Jacinto Reventós].
260 ## - PUBLICACIÓN, DISTRIBUCIÓN, ETC.
Lugar de publicación, distribución, etc. Madrid :
Nombre del editor, distribuidor, etc. Alhambra,
Fecha de publicación, distribución, etc. 1956.
300 ## - DESCRIPCIÓN FÍSICA
Extensión 95 p. con 1 lám. :
Otras características físicas il. ;
Dimensiones 23 cm.
490 1# - MENCIÓN DE SERIE
Mención de serie Monografías médicas Alhambra
700 1# - ENTRADA AGREGADA--NOMBRE PERSONAL
Nombre de persona Naegeli, Theodor.
9 (RLIN) 155594
700 0# - ENTRADA AGREGADA--NOMBRE PERSONAL
Nombre de persona Reventós, Jacinto,
Fechas asociadas al nombre 1883-1968
9 (RLIN) 96406
830 0# - PUNTO DE ACCESO ADICIONAL DE SERIE-TÍTULO UNIFORME
Título uniforme Monografías médicas Alhambra
9 (RLIN) 182831
852 ## - LOCALIZACIÓN
Ubicación ES-MaACL
Número de control de estantería C-10231
Sublocalización o colección R.38626
Holdings
Estatus retirado Estado de pérdida Estado de daño No para préstamo Biblioteca de origen Biblioteca actual Ubicación en estantería Fecha de adquisición Fuente de adquisición Total de préstamos Signatura topográfica completa Código de barras Visto por última vez Precio de reemplazo Tipo de ítem Koha
        Biblioteca del Ateneo de Madrid Biblioteca del Ateneo de Madrid Sala Palomar 17/01/2008     C-10231 1105490 23/02/2023 23/02/2023 Libro impreso